<?xml version="1.0" encoding="UTF-8"?>
<record
    xmlns:xsi="http://www.w3.org/2001/XMLSchema-instance"
    xsi:schemaLocation="http://www.loc.gov/MARC21/slim http://www.loc.gov/standards/marcxml/schema/MARC21slim.xsd"
    xmlns="http://www.loc.gov/MARC21/slim">

  <leader>01298nam a22002177a 4500</leader>
  <datafield tag="999" ind1=" " ind2=" ">
    <subfield code="c">62787</subfield>
    <subfield code="d">62787</subfield>
  </datafield>
  <controlfield tag="003">Ge_BSU</controlfield>
  <controlfield tag="005">20250214171841.0</controlfield>
  <controlfield tag="008">250214s2025    ge ||||| |||| 00| 0 geo d</controlfield>
  <datafield tag="020" ind1=" " ind2=" ">
    <subfield code="a">9789941509551</subfield>
  </datafield>
  <datafield tag="041" ind1=" " ind2=" ">
    <subfield code="a">geo</subfield>
  </datafield>
  <datafield tag="080" ind1=" " ind2=" ">
    <subfield code="a">355.48(47+57)(=353) &#x10E0;-29</subfield>
  </datafield>
  <datafield tag="245" ind1=" " ind2=" ">
    <subfield code="a">"&#x10E0;&#x10D0;&#x10EA; &#x10D3;&#x10D0;&#x10D5;&#x10D8;&#x10EC;&#x10E7;&#x10D4;&#x10D1;&#x10D8;&#x10D7; &#x10D0;&#x10E0; &#x10D8;&#x10D1;&#x10D8;&#x10DC;&#x10D3;&#x10D4;&#x10D1;&#x10D0;" :</subfield>
    <subfield code="b">(1992-93 &#x10EC;&#x10DA;&#x10D4;&#x10D1;&#x10D8;&#x10E1;&#x10D0; &#x10D3;&#x10D0; 2008 &#x10EC;&#x10DA;&#x10D8;&#x10E1; &#x10E0;&#x10E3;&#x10E1;&#x10D4;&#x10D7;-&#x10E1;&#x10D0;&#x10E5;&#x10D0;&#x10E0;&#x10D7;&#x10D5;&#x10D4;&#x10DA;&#x10DD;&#x10E1; &#x10DD;&#x10DB;&#x10D4;&#x10D1;&#x10D8;&#x10E1; &#x10D5;&#x10D4;&#x10E2;&#x10D4;&#x10E0;&#x10D0;&#x10DC;&#x10D7;&#x10D0; &#x10DC;&#x10D0;&#x10D0;&#x10DB;&#x10D1;&#x10DD;&#x10D1;&#x10D8;&#x10D3;&#x10D0;&#x10DC;) /</subfield>
    <subfield code="c">&#x10E8;&#x10D4;&#x10DB;&#x10D3;&#x10D2;.: &#x10DB;. &#x10D0;&#x10D1;&#x10E3;&#x10DA;&#x10D0;&#x10EB;&#x10D4;, &#x10D0;. &#x10D0;&#x10D2;&#x10D8;&#x10D1;&#x10D0;, &#x10DA;. &#x10D1;&#x10D0;&#x10EF;&#x10D4;&#x10DA;&#x10D8;&#x10EB;&#x10D4; &#x10D3;&#x10D0; &#x10E1;&#x10EE;&#x10D5;.; &#x10E7;&#x10D3;&#x10D8;&#x10E1; &#x10D3;&#x10D8;&#x10D6;&#x10D0;&#x10D8;&#x10DC;&#x10D8; &#x10D2;. &#x10D2;&#x10DD;&#x10D2;&#x10DD;&#x10EE;&#x10D8;&#x10D0;.</subfield>
  </datafield>
  <datafield tag="264" ind1=" " ind2=" ">
    <subfield code="a">[&#x10D7;&#x10D1;&#x10D8;&#x10DA;&#x10D8;&#x10E1;&#x10D8;]</subfield>
    <subfield code="b">&#x10E1;&#x10D0;&#x10D0;&#x10E0;&#x10D8;,</subfield>
    <subfield code="c">2025.</subfield>
  </datafield>
  <datafield tag="300" ind1=" " ind2=" ">
    <subfield code="a">56 &#x10D2;&#x10D5;. :</subfield>
    <subfield code="b">&#x10D8;&#x10DA;.;</subfield>
    <subfield code="c">20 &#x10E1;&#x10DB;.</subfield>
  </datafield>
  <datafield tag="653" ind1=" " ind2=" ">
    <subfield code="a">&#x10E0;&#x10E3;&#x10E1;&#x10D4;&#x10D7;- &#x10E1;&#x10D0;&#x10E5;&#x10D0;&#x10E0;&#x10D7;&#x10D5;&#x10D4;&#x10DA;&#x10DD;&#x10E1; &#x10DD;&#x10DB;&#x10D8;</subfield>
  </datafield>
  <datafield tag="700" ind1=" " ind2=" ">
    <subfield code="a">&#x10D0;&#x10D1;&#x10E3;&#x10DA;&#x10D0;&#x10EB;&#x10D4;, &#x10DB;. </subfield>
    <subfield code="e">&#x10E8;&#x10D4;&#x10DB;&#x10D3;&#x10D2;&#x10D4;&#x10DC;&#x10D4;&#x10DA;&#x10D8;</subfield>
    <subfield code="9">24366</subfield>
  </datafield>
  <datafield tag="700" ind1=" " ind2=" ">
    <subfield code="a">&#x10D0;&#x10D2;&#x10D8;&#x10D1;&#x10D0;, &#x10D0;. </subfield>
    <subfield code="e">&#x10E8;&#x10D4;&#x10DB;&#x10D3;&#x10D2;&#x10D4;&#x10DC;&#x10D4;&#x10DA;&#x10D8;</subfield>
    <subfield code="9">24367</subfield>
  </datafield>
  <datafield tag="700" ind1=" " ind2=" ">
    <subfield code="a">&#x10D1;&#x10D0;&#x10EF;&#x10D4;&#x10DA;&#x10D8;&#x10EB;&#x10D4;  &#x10DA;. &#x10D3;&#x10D0; &#x10E1;&#x10EE;&#x10D5;.</subfield>
    <subfield code="e">&#x10E8;&#x10D4;&#x10DB;&#x10D3;&#x10D2;&#x10D4;&#x10DC;&#x10D4;&#x10DA;&#x10D8;</subfield>
    <subfield code="9">24368</subfield>
  </datafield>
  <datafield tag="700" ind1=" " ind2=" ">
    <subfield code="a">&#x10D2;&#x10DD;&#x10D2;&#x10DD;&#x10EE;&#x10D8;&#x10D0;, &#x10D2;. </subfield>
    <subfield code="e">&#x10E7;&#x10D3;&#x10D8;&#x10E1; &#x10D3;&#x10D8;&#x10D6;&#x10D0;&#x10D8;&#x10DC;&#x10D8;</subfield>
    <subfield code="9">24369</subfield>
  </datafield>
  <datafield tag="942" ind1=" " ind2=" ">
    <subfield code="2">udc</subfield>
    <subfield code="c">&#x1CAC;&#x1C98;&#x1C92;&#x1C9C;&#x1C98;</subfield>
  </datafield>
  <datafield tag="952" ind1=" " ind2=" ">
    <subfield code="0">0</subfield>
    <subfield code="1">0</subfield>
    <subfield code="2">udc</subfield>
    <subfield code="4">0</subfield>
    <subfield code="6">355484757353_&#x10E0;29</subfield>
    <subfield code="7">0</subfield>
    <subfield code="9">102115</subfield>
    <subfield code="a">CPL</subfield>
    <subfield code="b">CPL</subfield>
    <subfield code="c">GEN</subfield>
    <subfield code="d">2025-02-14</subfield>
    <subfield code="g">4.00</subfield>
    <subfield code="o">355.48(47+57)(=353) &#x10E0;-29</subfield>
    <subfield code="p">70640</subfield>
    <subfield code="r">2025-02-14</subfield>
    <subfield code="t">70640</subfield>
    <subfield code="u">&#x10DC;&#x10D0;&#x10E9;&#x10E3;&#x10E5;&#x10D0;&#x10E0;&#x10D8;</subfield>
    <subfield code="w">2025-02-14</subfield>
    <subfield code="y">&#x1CAC;&#x1C98;&#x1C92;&#x1C9C;&#x1C98;</subfield>
    <subfield code="z">4 &#x10DA;.</subfield>
  </datafield>
  <datafield tag="952" ind1=" " ind2=" ">
    <subfield code="0">0</subfield>
    <subfield code="1">0</subfield>
    <subfield code="2">udc</subfield>
    <subfield code="4">0</subfield>
    <subfield code="6">355484757353_&#x10E0;29</subfield>
    <subfield code="7">0</subfield>
    <subfield code="9">102116</subfield>
    <subfield code="a">CPL</subfield>
    <subfield code="b">CPL</subfield>
    <subfield code="c">GEN</subfield>
    <subfield code="d">2025-02-14</subfield>
    <subfield code="g">4.00</subfield>
    <subfield code="o">355.48(47+57)(=353) &#x10E0;-29</subfield>
    <subfield code="p">70641</subfield>
    <subfield code="r">2025-02-14</subfield>
    <subfield code="t">70641</subfield>
    <subfield code="u">&#x10DC;&#x10D0;&#x10E9;&#x10E3;&#x10E5;&#x10D0;&#x10E0;&#x10D8;</subfield>
    <subfield code="w">2025-02-14</subfield>
    <subfield code="y">&#x1CAC;&#x1C98;&#x1C92;&#x1C9C;&#x1C98;</subfield>
    <subfield code="z">4 &#x10DA;.</subfield>
  </datafield>
</record>
